| 000 | 00385nam a2200145Ia 4500 | ||
|---|---|---|---|
| 008 | 230917s9999||||xx |||||||||||||| ||und|| | ||
| 040 |
_e50270 _aMAIN |
||
| 041 | _aEnglish | ||
| 082 | _a822.08 H187B | ||
| 100 | _aHampden, John | ||
| 245 | 0 | _aBeggar's opera and other Eighteenth- century plays | |
| 260 |
_aLondon _bEveryman's Library _c1975 |
||
| 300 | _axxii, 407 p. | ||
| 942 | _cBK | ||
| 999 |
_c202810 _d202810 |
||